| 000 | 00489nam a2200145 a 4500 | ||
|---|---|---|---|
| 008 | 120416s0000 ||||||||||||||||| || u | ||
| 020 | _a0582603412 | ||
| 050 | _aGA 151 Mac | ||
| 100 | _aMcMaster, David Newcombe | ||
| 245 | 1 | 0 | _aMap reading for East Africa |
| 250 | _a2nd ed. | ||
| 260 |
_aArusha _bLongmans _c1965 |
||
| 350 | _a0.00 | ||
| 995 |
_D0.00 _FCBU-MAIN LIBRARY (Kitwe) _H1 _I3.00 _UAVAILABLE _ZMain Library Open Access Collection |
||
| 999 |
_c50327 _d50327 |
||